MARC

LEADER 00000nam0a2200000 4500
001 367506
005 20241202165637.0
035 |a (RuTPU)RU\TPU\retro\24869 
090 |a 367506 
100 |a 20220316d1979 k y0rusy50 ca 
101 0 |a rus 
102 |a UA 
105 |a a z 001zy 
200 1 |a Методология геологических наук  |e сборник научных трудов  |f Академия наук Украинской ССР, Институт геохимии и физики минералов ; отв. ред. А. С. Поваренных 
210 |a Киев  |c Наукова думка  |d 1979 
215 |a 168 с.  |c ил. 
320 |a Библиогр. в конце ст. 
606 1 |a Геология  |x Философские проблемы  |2 stltpush  |3 (RuTPU)RU\TPU\subj\6111  |9 34070 
610 1 |a методология 
610 1 |a геологические науки 
610 1 |a системная ориентация 
610 1 |a геологические исследования 
610 1 |a систематика 
610 1 |a классификация 
610 1 |a алгоритмизация 
610 1 |a информационный подход 
675 |a 55:1  |v 4 
702 1 |a Поваренных  |b А. С.  |4 340 
712 0 2 |a Академия наук Украинской ССР  |b Институт геохимии и физики минералов  |7 ca  |8 rus  |c Киев  |c 1969-1993  |2 stltpush  |3 (RuTPU)RU\TPU\col\13747  |9 25770 
801 1 |a RU  |b 63413507  |c 20220316 
942 |c BK